| 000 | 00464cam a2200169ua 4500 | ||
|---|---|---|---|
| 020 | _c1.50 | ||
| 041 |
_amal _h |
||
| 082 |
_a894.8124 _bRAJ/SA |
||
| 100 | _aRaja raja Varma raja, Vatakkumkoor . | ||
| 245 |
_aShithyanidhi / _cVatakkumkoor Raja raja Varma raja. _hTextual Documents |
||
| 260 |
_aKottayam : _bSahitya Pravarthaka Co-operative Society , _c1958. |
||
| 300 | _a128 ; . | ||
| 365 | _a1.50 | ||
| 504 | _a | ||
| 942 | _cBK | ||
| 999 |
_c1135 _d1135 |
||